000 00743nam a2200205Ia 4500
001 5528
003 GE_BSU
008 181216s||||||||xx |||||||||||||| ||und||
040 _cGE_BSU
080 _a51(072)
100 _aКелбакини,В.Н.
245 _aМежпредметные связи в естественно-математической и педагогической подготовке учителей.
245 _cРед. Р. Данелия Я. Мирцхулава
260 _aТбилиси
260 _bГанатлеба
260 _c1987
300 _a291 с. 22см.
653 _aМежпредметные связи педагогической подготовке учителей.
942 _cBK
999 _c39019
_d39019